000 01161 a2200217 4500
001 33428
005 20260407155626.0
008 260407a1982 arg spa d
003 AR-UNSa-BCEJYS
040 _aAR-UNSa-BCEJYS
_bspa
_cAR-UNSa-BCEJYS
080 _a658.01
_xMetodología. Teoría y práctica de la organización( teoria de la organización, análisis organizacional...)
245 1 0 _aEl comportamiento administrativo
020 _a950-011-003-2
264 1 _aBuenos Aires :
_bAguilar
_c1982
300 _a240 p.
_c22 cm.
505 _a1. La toma de decisiones y la organización administrativa - 2. Algunos problemas de la teoría administrativa - 3. Hechos y valores en la toma de decisiones - 4. La racionalidad el comportamiento administrativo - 5. La psicología de las decisiones administrativas - 6. El equilibrio de la organización - 7. El papel de la autoridad - 8. Comunicación - 9. El criterio de eficiencia - 10. Lealtades e identificación organizativa - 11. La autonomía de la organización - Apéndice.
942 _cBK
590 _aniveau_biblio:m niveau_hierar:0
100 1 _aSimon, Herbert A.
700 1 _aRos, Amando Lazaro
999 _c2349
_d2349